Statistics for Scarlet and Violet OverUsed Tier

Click here to take the quiz!

General Stats

  • This quiz has been taken 4 times
  • The average score is 38 of 45

Answer Stats

GenPokémonType% Correct
Introduced in Generation IXArchaludonSteel/Dragon
100%
Introduced in Generation VIIICinderaceFire
100%
Introduced in Generation IClefableFairy
100%
Introduced in Generation IXClodsirePoison/Ground
100%
Introduced in Generation VIIICorviknightFlying/Steel
100%
Introduced in Generation VIIIDragapultDragon/Ghost
100%
Introduced in Generation IDragoniteDragon/Flying
100%
Introduced in Generation VExcadrillGround/Steel
100%
Introduced in Generation IXGlimmoraRock/Poison
100%
Introduced in Generation IVGliscorGround/Flying
100%
Introduced in Generation IXGouging FireFire/Dragon
100%
Introduced in Generation VIIIHatterenePsychic/Fairy
100%
Introduced in Generation IVHeatranFire/Steel
100%
Introduced in Generation VLandorus-TGround/Flying
100%
Introduced in Generation IIIPelipperWater/Flying
100%
Introduced in Generation VIIPrimarinaWater/Fairy
100%
Introduced in Generation VIIIRillaboomGrass
100%
Introduced in Generation VSerperiorGrass
100%
Introduced in Generation IISkarmorySteel/Flying
100%
Introduced in Generation VVolcaronaBug/Fire
100%
Introduced in Generation IVWeavileDark/Ice
100%
Introduced in Generation IVDarkraiDark
75%
Introduced in Generation IIIDeoxys-SpeedPsychic
75%
Introduced in Generation IXDondozoWater
75%
Introduced in Generation IXEnamorusFairy/Flying
75%
Introduced in Generation IXGholdengoSteel/Ghost
75%
Introduced in Generation IXGreat TuskGround/Fighting
75%
Introduced in Generation IXIron BoulderRock/Psychic
75%
Introduced in Generation IXIron CrownSteel/Psychic
75%
Introduced in Generation IXIron ValiantFairy/Fighting
75%
Introduced in Generation IXKingambitDark/Steel
75%
Introduced in Generation VKyuremDragon/Ice
75%
Introduced in Generation IXMeowscaradaGrass/Dark
75%
Introduced in Generation IXOgerpon-WellspringGrass/Water
75%
Introduced in Generation IXPecharuntPoison/Ghost
75%
Introduced in Generation IXRaging BoltElectric/Dragon
75%
Introduced in Generation IXRoaring MoonDragon/Dark
75%
Introduced in Generation IXSkeledirgeFire/Ghost
75%
Introduced in Generation VIIISlowking-GalarPoison/Psychic
75%
Introduced in Generation IXTing-LuDark/Ground
75%
Introduced in Generation IIITorkoalFire
75%
Introduced in Generation VIIToxapexPoison/Water
75%
Introduced in Generation IXWalking WakeWater/Dragon
75%
Introduced in Generation VIIIZamazentaFighting
50%
Introduced in Generation IXSamurott-HisuiWater/Dark
25%

Score Distribution

Percentile by Number Answered

Percent of People with Each Score

Your Score History

You have not taken this quiz